Microeconomía y conducta
שמור ב:
| מחבר ראשי: | |
|---|---|
| פורמט: | ספר |
| שפה: | ספרדית |
| יצא לאור: |
Madrid
McGraw-Hill
2001
|
| מהדורה: | 2a. ed |
| נושאים: | |
| תגים: |
הוספת תג
אין תגיות, היה/י הראשונ/ה לתייג את הרשומה!
|
MARC
| LEADER | 00000nam a2200000 a 4500 | ||
|---|---|---|---|
| 001 | UCM6027 | ||
| 003 | CL-VaPUC | ||
| 005 | 20240619122351.0 | ||
| 008 | 021025e20010000SP |||||||||||||||||spa|d | ||
| 999 | |c 301693 |d 301691 | ||
| 020 | |a 8448130375 | ||
| 040 | |c Pontificia Universidad Católica de Valparaíso | ||
| 082 | 0 | 4 | |a 338.5 |b FRA |2 21 |
| 100 | 0 | |a Frank, Robert H |e author |9 472022 | |
| 245 | 1 | 0 | |a Microeconomía y conducta |
| 250 | |a 2a. ed | ||
| 260 | |a Madrid |b McGraw-Hill |c 2001 | ||
| 300 | |a 595 p | ||
| 500 | |a De la 4a. ed en inglés | ||
| 583 | |a last modification |c 20021025 00:00:00 |k Rodrigo Vera | ||
| 650 | 0 | |a Microeconomía |9 258126 | |
| 650 | 0 | |a Oferta y demanda |9 255571 | |
| 650 | 0 | |a Consumidores |9 888651 |x Conducta | |
| 650 | 0 | |a Producción |9 263680 | |
| 650 | 0 | |a Oligopolios |9 391500 | |
| 942 | |c BK |2 ddc | ||
| 945 | |d 20021025 00:00:00 |a cmena | ||
| 952 | |0 0 |1 0 |4 0 |6 338_500000000000000_FRA_2001 |7 0 |8 R |9 361186 |a BIBENE |b BIBENE |d 2019-11-21 |i 3853594 |l 2 |o 338.5 FRA 2001 |p 3853594 |r 2025-01-15 |s 2024-03-22 |w 2019-11-21 |y BK_R |k ICO | ||
| 952 | |0 0 |1 0 |4 0 |6 338_500000000000000_FRA_2001 |7 0 |8 R |9 361187 |a BIBENE |b BIBENE |d 2019-11-21 |i 3938506 |l 3 |o 338.5 FRA 2001 |p 3938506 |r 2025-01-15 |s 2024-03-15 |w 2019-11-21 |y BK_R |k ICO | ||
| 952 | |0 0 |1 0 |4 0 |6 338_500000000000000_FRA_2001 |7 0 |8 R |9 361188 |a BIBENE |b BIBENE |d 2019-11-21 |i 3938514 |l 11 |m 3 |o 338.5 FRA 2001 |p 3938514 |r 2025-01-15 |s 2024-03-18 |w 2019-11-21 |y BK_R |k ICO | ||
| 952 | |0 0 |1 0 |4 0 |6 338_500000000000000_FRA_2001 |7 0 |8 R |9 361189 |a BIBENE |b BIBENE |d 2019-11-21 |i 395451K |l 2 |o 338.5 FRA 2001 |p 395451K |r 2025-03-21 |s 2025-03-21 |w 2019-11-21 |y BK_R |k ICO | ||
| 952 | |0 0 |1 0 |4 0 |6 338_500000000000000_FRA_2001 |7 0 |8 R |9 361190 |a BIBENE |b BIBENE |d 2019-11-21 |i 3954528 |l 14 |m 1 |o 338.5 FRA 2001 |p 3954528 |r 2025-01-15 |s 2024-04-05 |w 2019-11-21 |y BK_R |k ICO | ||
| 952 | |0 0 |1 0 |4 0 |6 338_500000000000000_FRA_2001 |7 0 |8 R |9 361191 |a BIBENE |b BIBENE |d 2019-11-21 |i 3954536 |l 2 |o 338.5 FRA 2001 |p 3954536 |r 2025-01-15 |s 2024-08-22 |w 2019-11-21 |y BK_R |k ICO | ||
| 952 | |0 0 |1 0 |4 0 |6 338_500000000000000_FRA_2001 |7 0 |8 R |9 361192 |a BIBENE |b BIBENE |d 2019-11-21 |i 3954544 |l 3 |o 338.5 FRA 2001 |p 3954544 |r 2025-01-15 |s 2024-03-18 |w 2019-11-21 |y BK_R |k ICO | ||
| 952 | |0 0 |1 0 |4 0 |6 338_500000000000000_FRA_2001 |7 0 |8 R |9 361193 |a BIBENE |b BIBENE |d 2019-11-21 |i 3954552 |l 3 |o 338.5 FRA 2001 |p 3954552 |r 2025-03-31 |s 2025-03-28 |w 2019-11-21 |y BK_R |k ICO | ||
| 952 | |0 0 |1 0 |4 0 |6 338_500000000000000_FRA_2001 |7 0 |8 R |9 361194 |a BIBENE |b BIBENE |d 2019-11-21 |i 3954560 |l 1 |o 338.5 FRA 2001 |p 3954560 |r 2025-01-15 |s 2024-03-14 |w 2019-11-21 |y BK_R |k ICO | ||
| 952 | |0 0 |1 0 |4 0 |6 338_500000000000000_FRA_2001 |7 0 |8 R |9 361195 |a BIBENE |b BIBENE |d 2019-11-21 |i 4130995 |l 17 |m 1 |o 338.5 FRA 2001 |p 4130995 |r 2025-01-15 |s 2024-04-04 |w 2019-11-21 |y BK_R |k ICO | ||
| 952 | |0 0 |1 0 |2 ddc |4 0 |6 338_500000000000000_FRA_2001 |7 0 |8 A |9 361196 |a BIBING |b BIBING |c RES |d 2019-11-21 |i 4266196 |o 338.5 FRA 2001 |p 4266196 |r 2025-01-20 |w 2019-11-21 |y BK |k ING | ||
| 952 | |0 0 |1 0 |4 0 |6 338_500000000000000_FRA_2001 |7 0 |8 R |9 361197 |a BIBENE |b BIBENE |d 2019-11-21 |i 4476247 |l 3 |o 338.5 FRA 2001 |p 4476247 |r 2025-01-15 |s 2024-03-18 |w 2019-11-21 |y BK_R |k ICO | ||